| 000 | 00000nam 2200000za 4500 |
| 001 | 9.822226 |
| 003 | CaOODSP |
| 005 | 20221107143635 |
| 007 | cr ||||||||||| |
| 008 | 160808s1995 onc |o f100 0 eng d |
| 020 | |a0-660-15928-7|q(paper) |
| 040 | |aCaOODSP|beng |
| 043 | |an-cn--- |
| 086 | 1 |aBT77-2/1994E-PDF |
| 111 | 2 |aConference and Reception on Corporate Governance : Improving the Effectiveness of Crown Corporation Boards |d(1994 : |cOttawa, Ont.) |
| 245 | 10|aCorporate governance |h[electronic resource] : |bimproving the effectiveness of crown corporation boards : conference proceedings. |
| 246 | 1 |iAt head of title: |aConference proceedings |
| 246 | 17|aCorporate governance in crown corporations |
| 260 | |6Ottawa : |8Department of Finance and Treasury Board of Canada, |ac1995. |
| 300 | |a81 p. |
| 500 | |a"October 1994." |
| 500 | |aConference held in Ottawa on October 5 and 6, 1994 and hosted by the Hon. Art Eggleton, President of the Treasury Board. |
| 520 | 0 |a"These Proceedings summarize the Conference and Reception on Corporate Governance: Improving the Effectiveness of Crown Corporation Boards held in Ottawa October 5 and 6, 1994. They contain the presentations of those addressing the participants and a synthesis of the views expressed by the participants in the four discussion groups and the plenary armchair discussion. They offer some feedback from participants."-- p. 3. |
| 692 | 07|2gccst|aCrown corporations |
| 692 | 07|2gccst|aManagement |
| 710 | 1 |aCanada. |bDepartment of Finance. |
| 710 | 1 |aCanada. |bTreasury Board. |
| 775 | 08|tRégie des sociétés d'état, amélioration de l'efficacité des conseils d'administration des sociétés d'état |w(CaOODSP)9.826964 |
| 856 | 40|qPDF|s1.60 MB|uhttps://publications.gc.ca/collections/collection_2016/fin/BT77-2-1994-eng.pdf |